Γκέμμα

Αποθηκεύτηκε σε:
Λεπτομέρειες βιβλιογραφικής εγγραφής
Κύριος συγγραφέας: Λιαντίνης, Δημήτριος Θ., 1942-
Μορφή: Βιβλίο
Γλώσσα:Greek
Δημοσίευση: Αθήνα : Βιβλιογωνία, 1997.
Θέματα:
Ετικέτες: Προσθήκη ετικέτας
Δεν υπάρχουν, Καταχωρήστε ετικέτα πρώτοι!

MARC

LEADER 00000cam a2200000 i 4500
001 1/73885
008 990323s1997 gr | ||| |||| ||gre||
020 |a 9607088239 
035 |l 10048921 
040 |a GR-MyUA  |b gre  |e AACR2 
041 0 |a gre 
082 0 |a 904.7 
100 1 |a Λιαντίνης, Δημήτριος Θ.,   |d 1942- 
245 1 0 |a Γκέμμα /   |c Δημήτρης Λιαντίνης.  
260 |a Αθήνα :   |b Βιβλιογωνία,   |c 1997.  
300 |a 287 σ. ;   |c 21 εκ.  
650 0 0 |a History  |x Societies, etc. 
852 |a INST  |b SAMOS  |e 19990323  |h 904.7 ΛΙΑ  |p 005300013608  |q 005300013608  |t BK  |y 0 
901 |a BIBL-1999-1 
909 |a Σ  |b 060587 
922 |a 3ΕΛΗ  |b 199812  |c ΒΙΒΛΙΟΘΗΚΗ  |d ΧΑΡΤΣΑΣ